WBCSD sets out business case for reporting (Record no. 72246)

MARC details
000 -LEADER
fixed length control field 01069cam a2200205 4500
001 - CONTROL NUMBER
control field WB3909-09
008 - FIXED-LENGTH DATA ELEMENTS--GENERAL INFORMATION
fixed length control field 030306n2003 000 0 eng u
035 ## - SYSTEM CONTROL NUMBER
System control number (Sirsi) u121547
245 ## - TITLE STATEMENT
Title WBCSD sets out business case for reporting
260 ## - PUBLICATION, DISTRIBUTION, ETC.
Date of publication, distribution, etc. 2003
490 ## - SERIES STATEMENT
Series statement Environment Information Bulletin
Volume/sequential designation (127) March 2003, 2(1)
520 ## - SUMMARY, ETC.
Summary, etc. The World Business Council for Sustainable Development (WBCSD) has published a report on sustainable development reporting, setting out the benefits to businesses. WBCSD seeks to encourage companies to adopt and improve sustainability reporting in order to tackle the key challenge of demonstrating the links between sustainabillity and the bottom line. The report is available from http://www.wbcsd.org/newscenter/reports/2003/20030106_sdreport.pdf. A portal, http://www.wbcsd.ch/sdportal has also been created.
590 ## - LOCAL NOTE (RLIN)
Local note WB
650 ## - SUBJECT ADDED ENTRY--TOPICAL TERM
Topical term or geographic name entry element SUSTAINABLE DEVELOPMENT
650 ## - SUBJECT ADDED ENTRY--TOPICAL TERM
Topical term or geographic name entry element SUSTAINABILITY INDICATORS
650 ## - SUBJECT ADDED ENTRY--TOPICAL TERM
Topical term or geographic name entry element BUSINESSES
650 ## - SUBJECT ADDED ENTRY--TOPICAL TERM
Topical term or geographic name entry element COMPANY REPORTS
690 ## - LOCAL SUBJECT ADDED ENTRY--TOPICAL TERM (OCLC, RLIN)
Topical term or geographic name as entry element MANAGEMENT-BUSINESS MANAGEMENT
942 ## - ADDED ENTRY ELEMENTS (KOHA)
Suppress in OPAC 0
Holdings
Withdrawn status Lost status Source of classification or shelving scheme Damaged status Not for loan Home library Current library Shelving location Date acquired Total Checkouts Full call number Barcode Date last seen Copy number Price effective from Koha item type
    Dewey Decimal Classification     London London News article 06/03/2003   WB3909-09 121547-1001 06/08/2019 1 06/08/2019 News article